Psicología social

Αποθηκεύτηκε σε:
Λεπτομέρειες βιβλιογραφικής εγγραφής
Κύριος συγγραφέας: Leyens, Jacques-Philippe (Συγγραφέας)
Μορφή: Βιβλίο
Γλώσσα:Ισπανικά
Έκδοση: Barcelona Herder 1982
Σειρά:Biblioteca de Psicosociología, 10
Θέματα:
Ετικέτες: Προσθήκη ετικέτας
Δεν υπάρχουν, Καταχωρήστε ετικέτα πρώτοι!

MARC

LEADER 00000nam a2200000 a 4500
001 UCS9609
003 CL-VaPUC
008 971121e19820000SP |||||||||||||||||spa|d
082 0 4 |a 302  |b LEY  |2 21 
100 0 |a Leyens, Jacques-Philippe  |e author  |9 394840 
245 1 0 |a Psicología social 
300 |a 250 p 
942 |c BK 
945 |d 19971121 00:00:00  |a rleighto 
260 |a Barcelona  |b Herder  |c 1982 
650 0 |a Psicología social   |9 222894 
650 0 |a Altruismo  |9 394841 
650 0 |a Agresión  |9 390178 
650 7 |a NORMAS SOCIALES  |2 CL-VaPUC  |9 339732 
583 |a last modification  |c 19971121 00:00:00  |k Rodrigo Vera 
490 0 |a Biblioteca de Psicosociología, 10 
999 |c 263387  |d 263385 
952 |0 0  |1 0  |4 0  |6 302_000000000000000_LEY_1982  |7 0  |8 A  |9 292660  |a BIBENE  |b BIBENE  |d 2019-11-19  |i 3367436  |o 302 LEY 1982  |p 3367436  |r 2025-01-15  |w 2019-11-19  |y BK  |k ICO